000 00598nam a2200181Ia 4500
008 090124s9999 xx 000 0 und d
082 _b5411
_a5308
100 _aसरदेसाई लक्ष्मणराव
245 _a सागराच्या लाटा
250 _a1
260 _c1935
300 _a151
600 _aसरदेसाई लक्ष्मणराव
630 _a सागराच्या लाटा
700 _aसरदेसाई लक्ष्मणराव
730 _a सागराच्या लाटा
942 _cBOOK
999 _c119352
_d119352